01319nam a22002897a 450000500170000000800410001702000280005802000250008602000240011104000410013504100080017624502090018425000230039326000640041630000400048050400530052065000540057365000610062765000580068870000410074670000410078770000360082870000470086470000420091170000480095371000280100120250514095227.0240725b ||||| |||| 00| 0 eng d a9789585003361 (impreso) a9789585003378 (ePub) a9789585003385 (pdf) aCO-BoUCMcDavid MorenodDavid Moreno aspa10aDesarrollo y promoción de ecosistemas de emprendimiento regionales bcasos, experiencias y buenas practicas cYonni Ángel Cuero Acosta, Cesar Andrés Bello Pinto, Ana Mari Díaz Lenis... [y otros 3] aPrimera edición  aBogota, Colombia bEditorial Universidad del Rosario c2024 axxiii, 509 Paginas bilustraciones  aIncluye referencias bibliográficas e índices14aDesarrollo economico y social xCasos zColombia 14aEcosistemas de emprendimiento xExperiencias zColombia 14aEmpredimiento regional xBuenas practicas zColombia 1 aCuero Acosta, Yonni Ángel eeditor1 aBello Pinto, Cesar Andrés eeditor1 aDíaz Lenis, Ana Mari eeditor1 aOrtega Almonacid, Francisco David eeditor1 aOrtiz Gómez, María Joséeeditor1 aHernández Zapata, María Isabel eeditor aUniversidad del Rosario